[Event "AUTO-ADV-3752"]
[Site "http://www.queenalice.com/game.php?id=1456036"]
[Date "2016.12.22"]
[Round "1"]
[White "The_Clown"]
[Black "Ghenov"]
[Result "1-0"]
[WhiteElo "1632"]
[BlackElo "1695"]

1. d4 d5 2. c4 c6 3. c5 g6 4. Nc3 Bg7 5. e4 e5 6. Be3 Nf6 7. dxe5 Ng4 8. Qd2
Nxe5 9. Bf4 Ng4 10. exd5 O-O 11. Bxb8 Rxb8 12. d6 Re8+ 13. Be2 Nf6 14. Nf3 b6
15. b4 Nd5 16. Nd4 Nxb4 17. Nf3 Bg4 18. O-O bxc5 19. Rab1 Bxc3 20. Qxc3 Rxe2 21.
Ne5 Bf5 22. Rbd1 Rb6 23. Qxc5 Rxa2 24. d7 Rc2 25. Qa5 a6 26. Qa3 c5 27. Qb3 Be6
28. Qf3 Bf5 29. g4 Be6 30. h3 f6 31. Nd3 Bxd7 32. Nxb4 Rxb4 33. Qd5+ Kh8 34.
Qxd7 Qxd7 35. Rxd7 Rb8 36. Ra7 Ra2 37. Rc1 Rc8 38. Kg2 c4 39. Kf3 c3 40. Ke3 c2
41. Kd2 h5 42. f3 Rc4 43. gxh5 gxh5 44. Kd3 Rc5 45. h4 Rf5 46. Ke3 a5 47. f4 a4
48. Rc7 Ra3+ 49. Ke4 Rb5 50. R1xc2 f5+ 51. Kd4 Rab3 52. Ra7 a3 53. Rc8# 1-0

[Event "AUTO-ADV-3752"]
[Site "http://www.queenalice.com/game.php?id=1456037"]
[Date "2016.12.22"]
[Round "1"]
[White "Ghenov"]
[Black "The_Clown"]
[Result "0-1"]
[WhiteElo "1700"]
[BlackElo "1599"]

1. d4 d5 2. Nf3 Nc6 3. g3 Bg4 4. Nbd2 e6 5. h3 Bxf3 6. Nxf3 Bb4+ 7. c3 Bd6 8.
Bg2 Nf6 9. O-O Qd7 10. e3 O-O-O 11. a3 Kb8 12. b4 Ne4 13. Nh4 Nxc3 14. Qd3 Ne4
15. Bxe4 dxe4 16. Qxe4 f5 17. Qg2 g5 18. Nf3 g4 19. hxg4 fxg4 20. Ng5 h6 21. Ne4
Be7 22. b5 Na5 23. Rb1 b6 24. a4 Qd5 25. Nc3 Qxg2+ 26. Kxg2 h5 27. Rh1 Bd6 28.
f4 Kb7 29. Ne4 Be7 30. Bb2 Nc4 31. Bc3 Nxe3+ 32. Kf2 Nd5 33. Bd2 a6 34. Rbc1 a5
35. Rc6 Nf6 36. Rxe6 Nxe4+ 37. Rxe4 Rxd4 38. Rxd4 Bc5 39. Be3 Bxd4 40. Bxd4 Rd8
41. Bf6 Rd2+ 42. Ke3 Rg2 43. Bh4 Ra2 44. Bd8 Rxa4 45. Rxh5 Rb4 46. Kd3 Rb3+ 47.
Ke4 Rxg3 48. f5 Kc8 49. Bh4 Rh3 50. Rh8+ Kd7 51. Ke5 a4 52. f6 Re3+ 53. Kf4 Rf3+
54. Ke5 a3 55. Ra8 g3 56. f7 Rxf7 57. Bxg3 Rf3 58. Bh4 Rb3 59. Bf2 Rxb5+ 60. Ke4
Ra5 61. Rh8 a2 62. Bd4 c5 63. Ba1 Rb5 64. Kd5 Rb1 65. Be5 Rd1+ 66. Kc4 a1=R 67.
Bxa1 Rxa1 68. Kb5 Kc7 69. Rh7+ Kd6 70. Kxb6 c4 71. Rh3 Rb1+ 72. Ka5 Rb3 73. Rh1
Kc5 74. Rc1 Ra3# 0-1

[Event "AUTO-ADV-3752"]
[Site "http://www.queenalice.com/game.php?id=1456042"]
[Date "2016.12.22"]
[Round "1"]
[White "Cacmathias"]
[Black "Ghenov"]
[Result "1-0"]
[WhiteElo "2086"]
[BlackElo "1685"]

1. g4 d5 2. Bg2 e6 3. d4 g6 4. Bf4 Bg7 5. Nc3 Nf6 6. h3 O-O 7. Qd2 b6 8. O-O-O
c5 9. e3 cxd4 10. exd4 Nc6 11. Nge2 h6 12. Bxh6 Bxh6 13. Qxh6 Nh7 14. h4 e5 15.
Bxd5 Bb7 16. dxe5 Kh8 17. Bxc6 Qc8 18. Ne4 Bxc6 19. Ng5 1-0

[Event "AUTO-ADV-3752"]
[Site "http://www.queenalice.com/game.php?id=1456043"]
[Date "2016.12.22"]
[Round "1"]
[White "Ghenov"]
[Black "Cacmathias"]
[Result "0-1"]
[WhiteElo "1683"]
[BlackElo "2178"]

1. d4 c5 2. c3 Nf6 3. Nf3 e6 4. g3 d5 5. Bg2 cxd4 6. cxd4 Bb4+ 7. Bd2 Bd6 8. O-O
Ne4 9. e3 Nxd2 10. Nbxd2 Nc6 11. a3 O-O 12. Re1 f6 13. e4 Qb6 14. b4 Nxd4 15.
Nxd4 Qxd4 16. Nb3 Qxd1 17. Raxd1 e5 18. Rxd5 Be7 19. Red1 Be6 20. R5d3 b6 21.
Nd2 a5 22. Rb1 axb4 23. axb4 b5 24. Rc3 Ra4 25. Rc7 Bxb4 26. Nb3 Rc8 27. Rb7 Bc4
28. Bf1 Bc3 29. Bxc4+ bxc4 30. Nc1 Bd2 31. Ne2 c3 32. Rd1 Rxe4 33. Nxc3 Bxc3 34.
Rdd7 Rg4 35. h3 Rg5 36. g4 f5 37. f3 fxg4 38. fxg4 h5 0-1

[Event "AUTO-OPEN-3749"]
[Site "http://www.queenalice.com/game.php?id=1458227"]
[Date "2017.1.6"]
[Round "1"]
[White "Quiaseze"]
[Black "Ghenov"]
[Result "1-0"]
[WhiteElo "1897"]
[BlackElo "1684"]

1. e4 c5 2. Bc4 e6 3. Nf3 Nc6 4. d4 d5 5. exd5 exd5 6. Qe2+ Qe7 7. Qxe7+ Ngxe7
8. Bb5 g6 9. dxc5 Bg7 10. c3 O-O 11. O-O a6 12. Ba4 Na5 13. Re1 Nec6 14. Be3 Nc4
15. b3 N4e5 16. Nxe5 Bxe5 17. Bxc6 bxc6 18. Bh6 Bg7 19. Bxg7 Kxg7 20. Nd2 Bf5
21. c4 d4 22. Nf3 d3 23. Rad1 Rad8 24. Re3 Rfe8 25. Nh4 Rxe3 26. Nxf5+ gxf5 27.
fxe3 d2 28. Kf1 h5 29. Ke2 Kg6 30. Rxd2 Rxd2+ 31. Kxd2 h4 32. Ke2 Kg5 33. Kf3 f6
34. b4 f4 35. exf4+ Kf5 36. a4 1-0

[Event "AUTO-OPEN-3749"]
[Site "http://www.queenalice.com/game.php?id=1458228"]
[Date "2017.1.6"]
[Round "1"]
[White "Ghenov"]
[Black "Quiaseze"]
[Result "0-1"]
[WhiteElo "1692"]
[BlackElo "1889"]

1. d4 d5 2. Nf3 Bg4 3. Nbd2 Nc6 4. e3 e5 5. Be2 e4 6. Ne5 Bxe2 7. Qxe2 Nxe5 8.
dxe5 Ne7 9. c4 c6 10. b3 Ng6 11. Bb2 Qe7 12. O-O Nxe5 13. Bxe5 Qxe5 14. f4 exf3
15. Nxf3 Qh5 16. e4 Bc5+ 17. Kh1 O-O 18. exd5 cxd5 19. Rac1 dxc4 20. Rxc4 b6 21.
Rh4 Qd5 22. Qc2 g6 23. Rd1 Qc6 24. Qb2 Rad8 25. Rxd8 Rxd8 26. h3 Rd1+ 27. Kh2
Bd6+ 28. Ne5 f6 29. Qe2 Bxe5+ 0-1

[Event "AUTO-OPEN-3749"]
[Site "http://www.queenalice.com/game.php?id=1458247"]
[Date "2017.1.6"]
[Round "1"]
[White "DinoSouza"]
[Black "Ghenov"]
[Result "1-0"]
[WhiteElo "1895"]
[BlackElo "1669"]

1. d4 d5 2. Nc3 Nf6 3. Nf3 g6 4. g3 Bg7 5. Bg2 O-O 6. O-O Re8 7. Bf4 Nbd7 8. Re1
b6 9. Ne5 Nxe5 10. Bxe5 Bb7 11. e4 c6 12. Qf3 e6 13. Rac1 a6 14. exd5 cxd5 15.
Nd1 Nd7 16. Bxg7 Kxg7 17. Ne3 Nf6 18. c4 Ra7 19. Qf4 Nh5 20. Qg4 Nf6 21. Qg5 Ne4
22. Qe5+ Kg8 23. Ng4 f6 24. Qf4 f5 25. Bxe4 dxe4 26. Ne3 Qxd4 27. Rcd1 Qxb2 28.
Rd7 Qf6 29. Rb1 b5 30. c5 Rea8 31. c6 Bxc6 32. Rxa7 Rxa7 33. Qb8+ Qf8 34. Qxa7
1-0

[Event "AUTO-OPEN-3749"]
[Site "http://www.queenalice.com/game.php?id=1458248"]
[Date "2017.1.6"]
[Round "1"]
[White "Ghenov"]
[Black "DinoSouza"]
[Result "0-1"]
[WhiteElo "1676"]
[BlackElo "1896"]

1. d4 Nf6 2. Nf3 e6 3. g3 c5 4. c3 Nc6 5. Bg2 Be7 6. O-O O-O 7. Nbd2 b5 8. a3
Bb7 9. e4 cxd4 10. cxd4 d6 11. e5 dxe5 12. dxe5 Ng4 13. Re1 Qc7 14. b4 Rfd8 15.
Bb2 a5 16. Qc1 axb4 17. axb4 Bxb4 18. Rxa8 Bxa8 19. Bc3 Qd7 20. Ne4 Qa7 21. Bxb4
Nxb4 22. Nd6 Qxf2+ 23. Kh1 Bxf3 24. Bxf3 Qxh2# 0-1

[Event "AUTO-OPEN-3749"]
[Site "http://www.queenalice.com/game.php?id=1458257"]
[Date "2017.1.6"]
[Round "1"]
[White "ismaelfln"]
[Black "Ghenov"]
[Result "0-1"]
[WhiteElo "1635"]
[BlackElo "1681"]

1. e4 c5 2. Bc4 e6 3. e5 d5 4. exd6 Qxd6 5. Nf3 Nf6 6. O-O g6 7. d3 Bg7 8. Bg5
Ng4 9. g3 O-O 10. h3 Bxb2 11. hxg4 Bxa1 12. Bf4 e5 13. Nxe5 Bxe5 14. Bxe5 Qxe5
15. Re1 Qg5 16. f3 Nc6 17. c3 a6 18. f4 Qh6 19. g5 Qh3 20. Qf3 Bg4 21. Qg2 Qh5
22. Bd5 Rae8 23. Rf1 Re2 24. Rf2 Rxf2 25. Qxf2 Re8 26. Bxc6 bxc6 27. c4 Re2 28.
Qxe2 Bxe2 29. Nc3 Bxd3 30. Na4 Qd1+ 31. Kg2 Qxa4 32. Kh3 Bf5+ 33. g4 Qa3+ 34.
Kh4 Qxa2 35. gxf5 Qxc4 36. Kg4 Qe2+ 37. Kh4 Qe3 38. fxg6 hxg6 39. Kg4 c4 40. f5
Qe4+ 41. Kg3 Qxf5 42. Kh4 f6 43. gxf6 Qxf6+ 44. Kg4 c3 0-1

[Event "AUTO-OPEN-3749"]
[Site "http://www.queenalice.com/game.php?id=1458258"]
[Date "2017.1.6"]
[Round "1"]
[White "Ghenov"]
[Black "ismaelfln"]
[Result "1-0"]
[WhiteElo "1680"]
[BlackElo "1579"]

1. d4 d5 2. Nf3 Bg4 3. e3 Bxf3 4. Qxf3 c6 5. Nd2 e6 6. g3 Bd6 7. Bg2 Nf6 8. O-O
O-O 9. e4 dxe4 10. Nxe4 Nxe4 11. Qxe4 Nd7 12. c4 Nf6 13. Qd3 e5 14. Bg5 h6 15.
Bxf6 Qxf6 16. c5 Bc7 17. d5 cxd5 18. Qxd5 Qc6 19. Qc4 Qe6 20. Bd5 Qa6 21. Qxa6
bxa6 22. Bxa8 Rxa8 23. b4 e4 24. Rfe1 f5 25. a4 Rd8 26. Rad1 Rb8 27. Rd7 Rc8 28.
b5 axb5 29. axb5 Ba5 30. Rb1 Rxc5 31. Rxa7 Bb6 32. Ra6 Bc7 33. b6 Be5 34. b7 f4
35. b8=Q+ Bxb8 36. Rxb8+ Kh7 37. gxf4 Rf5 38. f3 exf3 39. Kf2 Rxf4 40. Rb3 Rh4
41. Kg3 Rh5 42. Rxf3 Rg5+ 43. Kh3 Rb5 44. Kh4 Rb4+ 45. Kh5 Rb5+ 46. Kg4 Rg5+ 47.
Kh4 Rb5 48. Rg3 Rb4+ 49. Kh3 Rb5 50. Rg4 Rh5+ 51. Kg3 Rg5 52. Kh4 Rxg4+ 53. Kxg4
g6 54. h4 g5 55. hxg5 hxg5 56. Kxg5 Kg7 57. Rf6 Kh7 58. Ra6 Kg7 59. Ra7+ Kf8 60.
Kf6 Ke8 61. Rh7 Kd8 62. Ke6 Kc8 63. Kd6 Kd8 64. Rh8# 1-0

[Event "Let's Play 7"]
[Site "http://www.queenalice.com/game.php?id=1459712"]
[Date "2017.1.16"]
[Round "-"]
[White "digger"]
[Black "Ghenov"]
[Result "0-1"]
[WhiteElo "1674"]
[BlackElo "1694"]

1. e4 c5 2. c3 g6 3. Nf3 Nc6 4. Bc4 e6 5. Na3 a6 6. e5 Bg7 7. Qe2 d5 8. Bb3 b5
9. d4 c4 10. Bd1 Nge7 11. Ng5 h6 12. Nh3 Nf5 13. O-O O-O 14. Nc2 a5 15. Na3 Ba6
16. Bc2 b4 17. cxb4 axb4 18. Ba4 Ncxd4 19. Qe1 c3 20. Nc2 Nxc2 21. Bxc2 Bxf1 22.
Qxf1 Bxe5 23. b3 Qc7 24. g3 Bg7 25. Qb5 Rfb8 26. Qe2 Nd4 27. Qd1 Nxc2 28. Qxc2
d4 29. Bf4 e5 30. Bc1 f5 31. f3 Rd8 32. Qd3 Kh7 33. f4 e4 34. Qf1 Qc5 35. Kg2 d3
36. Nf2 d2 37. Bxd2 Rxd2 38. Qg1 Bd4 39. h4 Rxf2+ 40. Kh1 c2 41. Rc1 Bb2 42. Rf1
Rxf1 43. Qxf1 c1=Q 44. Kg2 Qxf1+ 45. Kh2 Qcg1# 0-1

[Event "Let's Play 8"]
[Site "http://www.queenalice.com/game.php?id=1459713"]
[Date "2017.1.16"]
[Round "-"]
[White "Ghenov"]
[Black "digger"]
[Result "1-0"]
[WhiteElo "1677"]
[BlackElo "1691"]

1. d4 d5 2. Nf3 Bg4 3. Nbd2 c6 4. g3 Bxf3 5. Nxf3 Nf6 6. Bg2 e6 7. O-O h6 8. a3
b6 9. b4 a5 10. Bb2 axb4 11. axb4 Rxa1 12. Qxa1 Bxb4 13. c3 Bd6 14. Qa8 O-O 15.
e3 Qc7 16. Rb1 Nbd7 17. Qa2 Ne4 18. Rc1 Qb7 19. Ba3 Bxa3 20. Qxa3 Ra8 21. Qb2
Nd6 22. h3 Nc4 23. Qc2 Nf6 24. Ne5 Na3 25. Qb3 Ra5 26. Kh2 Ne8 27. Ra1 f6 28.
Rxa3 Rb5 29. Qa2 fxe5 30. dxe5 Kh7 31. Ra7 Qc8 32. Ra8 Qd7 33. c4 dxc4 34. Qxc4
Nc7 35. Ra7 Rb2 36. Bxc6 Qf7 37. Be4+ g6 38. Rxc7 Rxf2+ 39. Kg1 b5 40. Rxf7+
Rxf7 41. Qxb5 Kg7 42. Qe8 Rf8 43. Qxg6+ Kh8 44. Qh7# 1-0

[Event "AUTO-OPEN-3789"]
[Site "http://www.queenalice.com/game.php?id=1473536"]
[Date "2017.4.15"]
[Round "1"]
[White "davidherrera850"]
[Black "Ghenov"]
[Result "0-1"]
[WhiteElo "1100"]
[BlackElo "1709"]

1. e4 c5 2. Nf3 Nc6 3. d4 d5 4. Nc3 Bg4 5. Bf4 e6 6. h3 Bxf3 7. gxf3 cxd4 8. Nb5
e5 9. Qd2 exf4 10. Qxf4 Rc8 11. O-O-O Nf6 0-1

[Event "AUTO-OPEN-3789"]
[Site "http://www.queenalice.com/game.php?id=1473537"]
[Date "2017.4.15"]
[Round "1"]
[White "Ghenov"]
[Black "davidherrera850"]
[Result "1-0"]
[WhiteElo "1711"]
[BlackElo "1100"]

1. d4 d5 2. Nf3 Nf6 3. g3 Nc6 4. Bg2 Bf5 5. O-O e6 6. Nbd2 Bd6 7. Re1 O-O 8. Ng5
Nxd4 9. e4 Bg4 10. f3 Bh5 11. e5 1-0

[Event "AUTO-OPEN-3789"]
[Site "http://www.queenalice.com/game.php?id=1473562"]
[Date "2017.4.15"]
[Round "1"]
[White "BigRezi"]
[Black "Ghenov"]
[Result "1-0"]
[WhiteElo "1819"]
[BlackElo "1701"]

1. e4 c5 2. Nf3 Nc6 3. d4 d5 4. exd5 Qxd5 5. Nc3 Qd8 6. d5 Nb4 7. a3 Qa5 8. Bd2
Nf6 9. axb4 Qxb4 10. Bb5+ Bd7 11. Bxd7+ Nxd7 12. O-O Qxb2 13. Rb1 Qa3 14. Nb5
Qa4 15. Nc7+ Kd8 16. Nxa8 b6 17. Ra1 Qc4 18. Rxa7 Qxd5 19. Nc7 Qd6 20. Nb5 Qf6
21. Bg5 Qc6 22. Qd3 h6 23. Bf4 g5 24. Bc7+ Kc8 25. Ne5 Nxe5 26. Qd8# 1-0

[Event "AUTO-OPEN-3789"]
[Site "http://www.queenalice.com/game.php?id=1473563"]
[Date "2017.4.15"]
[Round "1"]
[White "Ghenov"]
[Black "BigRezi"]
[Result "1-0"]
[WhiteElo "1690"]
[BlackElo "1830"]

1. d4 Nf6 2. Nf3 g6 3. c4 Bg7 4. g3 O-O 5. Nbd2 d5 6. cxd5 Qxd5 7. Bg2 Nc6 8.
O-O Nxd4 9. b3 Ne4 10. Bb2 Nxf3+ 11. Nxf3 Qxd1 12. Raxd1 c6 13. Ba3 Re8 14. Nh4
Nc3 15. Rd3 Nb5 16. Bb4 a5 17. Bc5 Nc3 18. Rd2 Be6 19. f4 Rab8 20. Bd4 Nd5 21.
Bxg7 Kxg7 22. e4 Nc3 23. f5 Bd7 24. Rxd7 Nxa2 25. e5 f6 26. exf6+ Kxf6 27. fxg6+
Kg7 28. Rf7+ 1-0

[Event "AUTO-OPEN-3789"]
[Site "http://www.queenalice.com/game.php?id=1473580"]
[Date "2017.4.15"]
[Round "1"]
[White "Ghenov"]
[Black "deathbydixxon"]
[Result "0-1"]
[WhiteElo "1712"]
[BlackElo "1767"]

1. d4 d5 2. Nf3 Nc6 3. g3 Bg4 4. Nbd2 e6 5. Bg2 Nf6 6. O-O Bb4 7. c3 Bd6 8. Ng5
Bh5 9. f3 h6 10. Nh3 e5 11. dxe5 Bxe5 12. Re1 O-O 13. Qc2 Bg6 14. e4 dxe4 15.
fxe4 b5 16. b4 a5 17. Bb2 axb4 18. cxb4 Bd4+ 19. Nf2 Nxb4 20. Qb3 Ra4 21. e5
Bxf2+ 22. Kxf2 Qxd2+ 23. Kg1 Ne8 24. Bc3 Qc2 25. Rec1 Qxb3 26. axb3 Rxa1 27.
Rxa1 c5 28. Ra8 Nc7 29. Rxf8+ Kxf8 30. Bxb4 cxb4 31. Bc6 Bc2 0-1

[Event "AUTO-OPEN-3789"]
[Site "http://www.queenalice.com/game.php?id=1473581"]
[Date "2017.4.15"]
[Round "1"]
[White "deathbydixxon"]
[Black "Ghenov"]
[Result "1-0"]
[WhiteElo "1821"]
[BlackElo "1713"]

1. Nf3 Nf6 2. c4 c6 3. Nc3 g6 4. e4 Bg7 5. e5 Ng4 6. d4 d6 7. h3 Nh6 8. Be3 O-O
9. Qd2 Nf5 10. exd6 Nxd6 11. c5 Nf5 12. Bd3 Nxe3 13. Qxe3 e6 14. O-O Nd7 15. Ne4
f5 16. Nd6 Nf6 17. Rae1 b6 18. Bc4 bxc5 19. Bxe6+ Bxe6 20. Qxe6+ Kh8 21. Nf7+
1-0

[Event "AUTO-INT-3258"]
[Site "http://www.queenalice.com/game.php?id=1483490"]
[Date "2017.6.23"]
[Round "1"]
[White "Ghenov"]
[Black "z3r0vulc4n"]
[Result "1-0"]
[WhiteElo "1680"]
[BlackElo "1657"]

1. d4 d5 2. Nf3 Nc6 3. c3 Nf6 4. g3 e6 5. Bg2 Bd6 6. O-O O-O 7. Nbd2 e5 8. dxe5
Nxe5 9. Nxe5 Bxe5 10. Nf3 Bd6 11. Re1 Ng4 12. e4 Bc5 13. Be3 Bxe3 14. fxe3 dxe4
15. Nd4 Qf6 16. Qe2 c5 17. Rf1 Qg6 18. Nb3 b6 19. Nd2 b5 20. Nxe4 Qh5 21. h3 b4
22. Rf4 bxc3 23. bxc3 f5 24. Raf1 Be6 25. Nxc5 Rac8 26. Nxe6 Rf7 27. hxg4 fxg4
28. Qxg4 Qxg4 29. Rxg4 Rxc3 30. Bd5 g6 31. Nd8 Rc7 32. Bxf7+ Rxf7 33. Rxf7 1-0

[Event "AUTO-INT-3258"]
[Site "http://www.queenalice.com/game.php?id=1483491"]
[Date "2017.6.23"]
[Round "1"]
[White "z3r0vulc4n"]
[Black "Ghenov"]
[Result "1-0"]
[WhiteElo "1639"]
[BlackElo "1698"]

1. e4 c5 2. d4 d5 3. dxc5 e6 4. exd5 exd5 5. Bb5+ Nc6 6. Nc3 Nf6 7. Nf3 g6 8.
O-O Bg7 9. h3 O-O 10. Bg5 h6 11. Bxf6 Qxf6 12. Qxd5 Nb4 13. Qd2 a6 14. Ba4 Rb8
15. Ne4 Qxb2 16. Rab1 Qxa2 17. Rxb4 a5 18. Rd4 Bxd4 19. Qxd4 Bf5 20. Nf6+ Kh8
21. Nd7+ Kh7 22. Nxf8+ Rxf8 23. Ra1 Qe6 24. Bb3 Qe4 25. Rxa5 Qxd4 26. Nxd4 Be4
27. Ra7 f5 28. c6 Rf7 29. Bxf7 1-0

[Event "AUTO-INT-3258"]
[Site "http://www.queenalice.com/game.php?id=1483492"]
[Date "2017.6.23"]
[Round "1"]
[White "Ghenov"]
[Black "Derik_vd_Heever"]
[Result "0-1"]
[WhiteElo "1728"]
[BlackElo "1513"]

1. d4 Nf6 2. Nf3 Nc6 3. g3 d5 4. Bg2 g6 5. O-O Bg7 6. b3 O-O 7. Bb2 Bf5 8. Nbd2
e6 9. c4 Qd6 10. Re1 Nb4 11. c5 Qc6 12. Ne5 Qb5 0-1

[Event "AUTO-INT-3258"]
[Site "http://www.queenalice.com/game.php?id=1483493"]
[Date "2017.6.23"]
[Round "1"]
[White "Derik_vd_Heever"]
[Black "Ghenov"]
[Result "1-0"]
[WhiteElo "1538"]
[BlackElo "1703"]

1. e4 c5 2. Nc3 e5 3. Nf3 d6 4. g3 Nf6 5. Bb5+ Bd7 6. d3 g6 7. O-O Bg7 8. Bc4
O-O 9. Bg5 Bc6 10. Qe2 Nbd7 11. Rad1 1-0